00858cam a2200241 a 450000100100000000500170001000800410002702000150006804000180008308200200010110000470012124500600016826000330022830000200026149000290028165000290031065000360033965000310037583000380040691000340044495201230047899900150060100000981720200929161721.0940525s1992 sp 001 p spa  a8475173535 aDO-SdBNPcDLC a861.64bM963ó1 aMunárriz Peralta, Jesús,d1940-92472410aOtros labios me sueñan /cJesús Munárriz Peralta. aMadrid :bHiperión,c1992. a89 p. ;c20 cm.1 aPoesía Hiperiónv195 4aPoesía española9631 4aVida cotidianaxPoesía915503 4aLiteratura española9632 0aPoesía Hiperión ;v195914707 aCatalogación por copia / LC 001052708MOaGRbGRcCTd2009-10-01iLF1l0o861.64 M963óp9817-10r2020-06-25w2020-06-25y2ZPréstamo interno c9576d9576